000 00731nam a2200265 a 4500
003 BLK
005 20240418130657.0
007 ta
008 221104b bu |||||r|||| 00| | bu d
020 _a9788408099956
040 _aBLK
041 _aSPA
_cDRU
080 _9231919
_aИспанска литература
_b821.134.2
_x-31
_z821.134.2-31
084 _aS 58
100 _9492218
_aSierra, Javier
245 _aEl angel perdido
_cJavier Sierra
260 _9218986
_aBarcelona
_bPlaneta DeAgostini
_c2011
300 _a534 p.
_c24 cm
380 _aX
852 _bП
_c821-31/S 58 J
856 _i0.00
_ldisable
942 _cKNG
_n0
944 _cКети Илиева
_k30545
_lНора Радева
999 _c509044
_d509044
999 _d509044